00596nam a22001577a 450000500170000001000150001702000250003203500140005703700130007108200080008424500740009226000380016627000610020430000210026550501520028620170619154500.0 aENG-118870 a9789386296849c88.00 aEN-102402 bDBAD/PUB a485 aEnglish in use:bCommunication and soft skills-3cby Board of Editors aTelanganabOrient Blackswanc2016 a3-6-752 Himayatnagar, Hyderabad-500029, Telangana, India a120pc24cm.(pbk) aPrepared for semester iv foundation course 7, communication skills and soft skills-3 _css-3) as per the revised andhra pradesh common core syllabus